000 00820nam a2200253Ia 4500
003 OSt
005 20220923215633.0
006 a|||||r|||| 00| 0
007 ta
008 220922b |||||||| |||| 00| 0 hin d
024 _a180,487
037 _cTextual
040 _aARTS
_cARTS
_bhin
041 _2hin
_ahin
082 _aO152,1N281x, N1
100 _aमिश्र, वीरेन्द्र
245 0 _aसुर्यमुखी चन्द्रकौस
246 _aSuryamukhī chandrakausa
260 _aनई दिल्ली
_b कितबाधर
_c1991
300 _a94 पृ.
_ccm.
650 _aहिन्दी साहित्य
_9156264
942 _hO152,1N281x, N1
_cTEXL
_2CC
999 _c333865
_d333865